Vývojové trendy v oblasti trhových služieb bakalárska práca

Saved in:
Bibliographic Details
Main Author: Kubíková, Martina
Corporate Author: Obchodná fakulta EU. Katedra služieb a cestovného ruchu - zrušené
Other Authors: Krošláková, Monika, 1975-
Format: Book
Language:Slovak
Published: Bratislava 2018
Tags: Add Tag
No Tags, Be the first to tag this record!

MARC

LEADER 00000nbm a2200000 4500
001 0245070
005 20180906133620.7
041 0 |a slo 
044 |a SK 
245 1 0 |a Vývojové trendy v oblasti trhových služieb  |b bakalárska práca  |c Martina Kubíková ; školiteľ: Monika Krošláková 
264 1 |a Bratislava  |c 2018 
300 |a 56 s. 
100 1 |a Kubíková, Martina 
700 1 |a Krošláková, Monika, 1975- 
710 2 |a Obchodná fakulta EU. Katedra služieb a cestovného ruchu - zrušené